Mesa económico, científico, técnico
Збережено в:
| Співавтор: | |
|---|---|
| Формат: | Текст |
| Опубліковано: |
Madrid:
Huertas
|
| Теги: |
Додати тег
Немає тегів, Будьте першим, хто поставить тег для цього запису!
|
MARC
| LEADER | 00000 a a2200000 04500 | ||
|---|---|---|---|
| 001 | 25455 | ||
| 003 | |||
| 040 | |||
| 090 | |a 152518 | ||
| 110 | |a Instituto de Cooperación Iberoamericana | ||
| 245 | |a Mesa económico, científico, técnico | ||
| 260 | |a Madrid: |b Huertas | ||
| 300 | |a 516 p. |b il. | ||
| 999 | |c 14665 |d 14665 | ||
